Проектирование модуля поиска научных публикаций для повышения эффективности экспортного контроля; Молодежь и современные информационные технологии

Библиографические подробности
Источник:Молодежь и современные информационные технологии.— 2021.— [С. 120-121]
Главный автор: Савельев А. О. Алексей Олегович
Автор-организация: Национальный исследовательский Томский политехнический университет Управление проректора по цифровизации Информационно-аналитическое управление Центр информационных технологий
Другие авторы: Галевская А. О.
Примечания:Заглавие с титульного экрана
Язык:русский
Опубликовано: 2021
Серии:Цифровизация, IT и цифровая экономика
Предметы:
Online-ссылка:http://earchive.tpu.ru/handle/11683/68027
Формат: Электронный ресурс Статья
Запись в KOHA:https://koha.lib.tpu.ru/cgi-bin/koha/opac-detail.pl?biblionumber=633167

MARC

LEADER 00000naa2a2200000 4500
001 633167
005 20240221132839.0
035 |a (RuTPU)RU\TPU\conf\34915 
035 |a RU\TPU\conf\34912 
090 |a 633167 
100 |a 20210705d2021 k y0rusy50 ca 
101 0 |a rus 
102 |a RU 
105 |a y z 101zy 
135 |a drgn ---uucaa 
181 0 |a i  
182 0 |a b 
200 1 |a Проектирование модуля поиска научных публикаций для повышения эффективности экспортного контроля  |f А. О. Савельев, А. О. Галевская 
203 |a Текст  |c электронный 
225 1 |a Цифровизация, IT и цифровая экономика 
300 |a Заглавие с титульного экрана 
320 |a [Библиогр.: с. 121 (4 назв.)] 
463 0 |0 (RuTPU)RU\TPU\conf\34857  |t Молодежь и современные информационные технологии  |o сборник трудов XVIII Международной научно-практической конференции студентов, аспирантов и молодых учёных, 22-26 марта 2021 г., г. Томск  |f Национальный исследовательский Томский политехнический университет, Инженерная школа информационных технологий и робототехники ; под ред. Н. Г. Маркова [и др.]  |v [С. 120-121]  |d 2021 
610 1 |a электронный ресурс 
610 1 |a труды учёных ТПУ 
610 1 |a научные публикации 
610 1 |a эффективность 
610 1 |a экспортный контроль 
610 1 |a публикационная активность 
610 1 |a программные модули 
610 1 |a автоматизация 
610 1 |a организации 
700 1 |a Савельев  |b А. О.  |c специалист в области информатики и вычислительной техники  |c доцент Томского политехнического университета, кандидат технических наук  |f 1987-  |g Алексей Олегович  |y Томск  |3 (RuTPU)RU\TPU\pers\30546  |9 14842 
701 1 |a Галевская  |b А. О. 
712 0 2 |a Национальный исследовательский Томский политехнический университет  |b Управление проректора по цифровизации  |b Информационно-аналитическое управление  |b Центр информационных технологий  |3 (RuTPU)RU\TPU\col\25237 
801 2 |a RU  |b 63413507  |c 20210809  |g RCR 
856 4 |u http://earchive.tpu.ru/handle/11683/68027 
942 |c BK